|
|
|
|
| LEADER |
02233cas a2200241 a 4500 |
| 001 |
AALejournalIMF019388 |
| 008 |
230101c9999 xx r poo 0 0eng d |
| 020 |
|
|
|c 5.00 USD
|
| 020 |
|
|
|z 9781498318457
|
| 022 |
|
|
|a 1934-7685
|
| 040 |
|
|
|a BD-DhAAL
|c BD-DhAAL
|
| 110 |
2 |
|
|a International Monetary Fund.
|b African Dept.
|
| 245 |
1 |
0 |
|a South Sudan :
|b 2019 Article IV Consultation-Press Release; Staff Report; and Statement by the Executive Director for the Republic of South Sudan.
|
| 264 |
|
1 |
|a Washington, D.C. :
|b International Monetary Fund,
|c 2019.
|
| 300 |
|
|
|a 1 online resource (74 pages)
|
| 490 |
1 |
|
|a IMF Staff Country Reports
|
| 500 |
|
|
|a <strong>Off-Campus Access:</strong> No User ID or Password Required
|
| 500 |
|
|
|a <strong>On-Campus Access:</strong> No User ID or Password Required
|
| 506 |
|
|
|a Electronic access restricted to authorized BRAC University faculty, staff and students
|
| 520 |
3 |
|
|a This 2019 Article IV Consultation discusses that while the peace agreement signed in September 2018 has improved the prospects for lasting peace in South Sudan, the implementation of the agreement has become more protracted than envisaged with the recently announced six-month delay in forming a new national unity government. A relapse into war in mid-2016 spread insecurity across the country and severely affected all economic activities and exacerbated the humanitarian crisis and food insecurity. The country is in a serious economic crisis. The discussions focused on the urgent need to restore macroeconomic stability and rebuild economic buffers. Addressing the macroeconomic imbalance, supported by improvements in oil management and public financial management, is an important factor to rebuild confidence in government policies. This will be necessary to regain access to external financial support from development partners. One of the key policy recommendations is to strengthen oil management and transparency by an immediate stop of contracting new oil-backed advances.
|
| 538 |
|
|
|a Mode of access: Internet
|
| 830 |
|
0 |
|a IMF Staff Country Reports; Country Report ;
|v No. 2019/153
|
| 856 |
4 |
0 |
|z Full text available on IMF
|u http://elibrary.imf.org/view/journals/002/2019/153/002.2019.issue-153-en.xml
|z IMF e-Library
|